[Event "ICS rated blitz match"]
[Site "204.178.125.65"]
[Date "1999.11.01"]
[Round "?"]
[White "Hossa"]
[Black "PostModernist"]
[Result "0-1"]
[WhiteElo "2424"]
[BlackElo "2618"]
[PlyCount "115"]
[EventDate "1999.??.??"]

1. d4 Nf6 2. c4 e6 3. Nf3 b6 4. Nc3 Bb7 5. Bg5 Bb4 6. e3 h6 7. Bxf6 Bxc3+ 8.
bxc3 Qxf6 9. Be2 {letzter Buchzug} 9... O-O 10. O-O d6 11. Rb1 Be4 12. Rb2 Nd7
13. Qa4 Rfd8 14. Nd2 Bb7 15. Bf3 Bxf3 16. Nxf3 Qf5 17. Qc6 Rac8 18. e4 Qg6 19.
Re1 a6 20. Qb7 a5 21. Rd1 ({-0.05 Hiarcs 7.32:} 21. Rbb1 21... c5 22. Qa6 Rb8
23. Nh4 23... Qg4 {0.24/6}) 21... c6 22. Re1 Kh7 23. Nd2 Qg5 24. Re3 Qh5 25.
Rb1 c5 26. Rf3 e5 27. d5 Kg8 28. a4 Kh7 29. Rf5 Qg6 30. Rb5 Rb8 31. Qa7 Ra8 32.
Qc7 Nf6 33. f3 Nd7 34. Nb3 Rac8 35. Qa7 ({-0.39 Hiarcs 7.32:} 35. Qb7 35... Rb8
36. Qc6 Rbc8 37. Qb7 {0.00/8}) 35... f6 36. Nd2 ({-1.32 Hiarcs 7.32:} 36. g4
36... Qf7 37. Rh5 g6 38. Rh3 Qg7 39. Nd2 39... Ra8 {-0.39/8}) 36... Qf7 37. f4
({-1.84 Hiarcs 7.32:} 37. Rxb6 37... g6 38. Rxd6 gxf5 39. exf5 Qg7 40. Ne4 {
-1.32/7}) 37... Ra8 38. Qc7 g6 39. fxe5 gxf5 40. e6 Qg7 41. exd7 ({
-2.79 Hiarcs 7.32:} 41. exf5 41... Ne5 42. Qxb6 Rg8 43. Qb7 Ra7 44. Qxg7+ Raxg7
45. g3 45... Ra8 {-1.84/6}) 41... Rxd7 42. Qc6 Rg8 43. g3 f4 44. Nf1 fxg3 45.
hxg3 Re8 46. Qxb6 Rxe4 47. Rxa5 ({-9.17 Hiarcs 7.32:} 47. Rb2 47... Rxc4 48.
Qxa5 Ra7 49. Qb6 Rxc3 50. Qxd6 50... Rxa4 {-2.99/8}) 47... Re1 48. Kf2 Qe7 49.
Qb2 Qe4 50. Rb5 Re7 51. Kg1 Re2 52. Qxe2 Qxe2 53. Rb6 Re5 54. Rxd6 Rf5 55. Rd7+
Kg6 56. Nh2 Qe1+ 57. Kg2 Qf2+ 58. Kh1 {Hossa resigns} 0-1

[Event "ICS rated blitz match"]
[Site "204.178.125.65"]
[Date "1999.11.01"]
[Round "?"]
[White "Hossa"]
[Black "ljb"]
[Result "1-0"]
[WhiteElo "2421"]
[BlackElo "2111"]
[PlyCount "65"]
[EventDate "1999.??.??"]

1. d4 d5 2. c4 e6 3. Nc3 Nf6 4. Bg5 Be7 5. e3 c6 6. Bd3 O-O 7. Nge2 a6 8. O-O
b5 9. cxd5 cxd5 10. Nf4 h6 11. Bxf6 Bxf6 12. Rc1 Bb7 13. Qg4 Nd7 14. Nxe6 fxe6
15. Qxe6+ Rf7 16. Nxd5 Nf8 17. Nxf6+ Qxf6 18. Qxf6 gxf6 19. Bf5 Kg7 20. Rfd1
Bd5 21. a3 Bc4 22. d5 Rd8 23. e4 Nd7 24. Rc3 Nc5 25. d6 Na4 26. Rg3+ Kf8 27. b3
Nb2 28. Rd4 Bxb3 29. Rxb3 Nc4 30. Rbd3 Rb7 31. f4 a5 32. a4 Nb2 33. Rb3 {
ljb resigns} 1-0

[Event "ICS rated blitz match"]
[Site "204.178.125.65"]
[Date "1999.11.01"]
[Round "?"]
[White "ljb"]
[Black "Hossa"]
[Result "0-1"]
[WhiteElo "2106"]
[BlackElo "2426"]
[PlyCount "58"]
[EventDate "1999.??.??"]

1. d4 Nf6 2. c4 e6 3. e3 d5 4. Nc3 Bb4 5. Qc2 O-O 6. Nf3 c5 7. Bd2 cxd4 8. exd4
Nc6 9. c5 Bd7 10. Bd3 b6 11. cxb6 Qxb6 12. a3 Nxd4 13. Nxd4 Bc5 14. Nf3 Bxf2+
15. Kd1 Rfb8 16. Rf1 h5 17. Ne5 Be8 18. Rb1 Be3 19. Bxe3 Qxe3 20. Qe2 Qd4 21.
h3 Rb3 22. g4 Rc8 23. g5 Ne4 24. Nf3 Nxc3+ 25. bxc3 Rxb1+ 26. Kc2 Qxc3+ 27.
Kxb1 Rb8+ 28. Ka2 Qb3+ 29. Ka1 29... Qxa3+ {ljb resigns} 0-1

[Event "ICS rated blitz match"]
[Site "204.178.125.65"]
[Date "1999.11.01"]
[Round "?"]
[White "Hossa"]
[Black "HarryBoy"]
[Result "1/2-1/2"]
[WhiteElo "2430"]
[BlackElo "2442"]
[PlyCount "193"]
[EventDate "1999.??.??"]

1. d4 d5 2. c4 e6 3. Nc3 Nf6 4. Bg5 Be7 5. e3 O-O 6. Nf3 Nbd7 7. Rc1 h6 8. Bh4
c6 9. Be2 dxc4 10. Bxc4 b5 11. Bd3 a6 12. Ne5 Nxe5 13. dxe5 Nd7 14. Bxe7 Qxe7
15. f4 c5 16. O-O Bb7 17. Be4 Nb6 18. Qf3 Bxe4 19. Nxe4 c4 20. Nd6 Rad8 21. Qc6
Qa7 22. Qc5 Nc8 23. Qxa7 Nxa7 24. b3 Nc8 25. Rfd1 Nxd6 26. exd6 cxb3 27. axb3
Rd7 28. b4 Ra8 29. Ra1 f6 30. Ra5 e5 31. fxe5 fxe5 32. Rd5 Kf7 33. Rxe5 Rxd6
34. Rexb5 axb5 35. Rxa8 Rd3 36. Rb8 Rxe3 37. Rxb5 Re2 38. Rc5 Rb2 39. b5 Ke6
40. Kf1 Kd6 41. Rf5 Ke6 42. Rh5 Kf6 43. Rc5 g5 44. Rc6+ Kf5 45. b6 h5 46. h3 g4
47. Rh6 Kg5 48. Re6 gxh3 49. gxh3 Kh4 50. b7 Rxb7 51. Rg6 Rb2 52. Rg2 Rb1+ 53.
Kf2 Kxh3 54. Rg5 h4 55. Rh5 Rb3 56. Rg5 Rg3 57. Rh5 Rg8 58. Rf5 Kh2 59. Rh5 h3
60. Rf5 Rg7 61. Rh5 Rf7+ 62. Ke2 Kg2 63. Rg5+ Kh1 64. Rh5 h2 65. Rg5 Rf6 66.
Rg4 Rf8 67. Rg3 Ra8 68. Rg4 Ra3 69. Rg5 Ra1 70. Kf2 Rg1 71. Rh5 Rg2+ 72. Kf1
Rg3 73. Rh4 Rf3+ 74. Ke2 Rg3 75. Kf2 Rg2+ 76. Kf1 Rg7 77. Rf4 Rg5 78. Rf3 Rg1+
79. Kf2 Rb1 80. Rg3 Rb2+ 81. Ke1 Rg2 82. Rf3 Rc2 83. Rg3 Rc1+ 84. Kf2 Rg1 85.
Rh3 Rg2+ 86. Kf1 Rg7 87. Rf3 Rh7 88. Rg3 Rf7+ 89. Ke2 Rf5 90. Rg4 Ra5 91. Rg3
Ra1 92. Kf2 Ra2+ 93. Ke1 Rg2 94. Rf3 Rg8 95. Kf1 Rd8 96. Rg3 Rf8+ 97. Ke2 {
Game drawn by mutual agreement} 1/2-1/2

[Event "ICS rated blitz match"]
[Site "204.178.125.65"]
[Date "1999.11.01"]
[Round "?"]
[White "Hossa"]
[Black "gonzalez"]
[Result "1-0"]
[WhiteElo "2446"]
[BlackElo "2320"]
[PlyCount "73"]
[EventDate "1999.??.??"]

1. d4 Nf6 2. c4 e6 3. Nc3 c5 4. d5 d6 5. e4 exd5 6. cxd5 g6 7. Bf4 a6 8. Nf3
Bg7 9. Bd3 O-O 10. O-O b5 11. Qd2 Bg4 12. Bh6 Bxf3 13. gxf3 Nbd7 14. Rac1 Nh5
15. Rfe1 Ne5 16. Be2 Qh4 17. Bg5 Qh3 18. Be7 Nxf3+ 19. Bxf3 Qxf3 20. Qd1 Qf4
21. Bxf8 Be5 22. Bh6 Qxh6 23. Qg4 Nf4 24. Rcd1 b4 25. Na4 Rf8 26. Re3 f5 27.
exf5 Rxf5 28. Rg3 Rg5 29. Qc8+ Kf7 30. Qc7+ Kg8 31. Qd8+ Kf7 32. Rxg5 Nh3+ 33.
Kg2 Nxg5 34. Qd7+ Kf6 35. h3 Ne4 36. f4 Qh4 37. Qd8+ {gonzalez resigns} 1-0

[Event "ICS rated blitz match"]
[Site "204.178.125.65"]
[Date "1999.11.01"]
[Round "?"]
[White "WhiteHorse"]
[Black "Hossa"]
[Result "0-1"]
[WhiteElo "2287"]
[BlackElo "2456"]
[PlyCount "29"]
[EventDate "1999.??.??"]

1. b3 e5 2. Bb2 Nc6 3. e3 d5 4. d4 exd4 5. exd4 Nf6 6. Bd3 Nb4 7. Bb5+ c6 8.
Be2 Bf5 9. a3 Nxc2+ 10. Kf1 Nxa1 11. Bxa1 Bxb1 12. Qxb1 Bxa3 13. Nf3 O-O 14.
Ne5 Ne4 15. Bd3 {WhiteHorse resigns} 0-1

[Event "ICS rated blitz match"]
[Site "204.178.125.65"]
[Date "1999.11.02"]
[Round "?"]
[White "Hossa"]
[Black "TheBad"]
[Result "1-0"]
[WhiteElo "2465"]
[BlackElo "2079"]
[PlyCount "85"]
[EventDate "1999.??.??"]

1. d4 d5 2. c4 Nf6 3. cxd5 Qxd5 4. Nc3 Qa5 5. f3 Nc6 6. d5 Ne5 7. e4 Bd7 8. Qd4
Ng6 9. e5 Ng8 10. Bd2 Qb6 11. Qxb6 axb6 12. f4 e6 13. Nb5 O-O-O 14. d6 cxd6 15.
Nxd6+ Bxd6 16. exd6 Bc6 17. Ne2 Rxd6 18. Bb4 Rd8 19. Rc1 Kb8 20. Bc3 Nf6 21.
Bd4 Ka7 22. Rc3 Nd5 23. Ra3+ Kb8 24. Bxg7 Rhg8 25. Bh6 Bb5 26. f5 exf5 27. Rf3
Bxe2 28. Kxe2 f4 29. Bg5 Rge8+ 30. Kf2 Rc8 31. Kg1 Rc1 32. h4 Ree1 33. Kf2 Ne5
34. Bxf4 Nxf4 35. Rxf4 Rxf1+ 36. Rxf1 Nd3+ 37. Ke3 Rxf1 38. Rxf1 Nxb2 39. Rxf7
Nc4+ 40. Kd4 b5 41. Rxh7 Nd2 42. g4 Nf3+ 43. Kc5 {TheBad resigns} 1-0

[Event "ICS rated blitz match"]
[Site "204.178.125.65"]
[Date "1999.11.02"]
[Round "?"]
[White "NonWimp"]
[Black "Hossa"]
[Result "1-0"]
[WhiteElo "2699"]
[BlackElo "2468"]
[PlyCount "123"]
[EventDate "1999.??.??"]

1. f4 d5 2. Nf3 Nf6 3. e3 g6 4. Be2 Bg7 5. O-O Bg4 6. Ne5 Bxe2 7. Qxe2 O-O 8.
Nc3 c5 9. d4 Nbd7 10. Qb5 cxd4 11. exd4 Nb6 12. a4 a6 13. Qe2 e6 14. b3 Rc8 15.
Rf3 Re8 16. Ba3 Nbd7 17. Raf1 Qb6 18. Rd3 Qa5 19. b4 Qb6 20. Re1 a5 21. bxa5
Qxa5 22. Rb1 Nh5 23. Bb4 Qc7 24. Qf2 Nhf6 25. Rg3 Ne4 26. Nxe4 dxe4 27. c3 f5
28. Nxd7 Qxd7 29. a5 Rc4 30. Qe2 Qb5 31. Rb2 Qd5 32. Re3 Rec8 33. Rb1 R8c7 34.
Qe1 Rd7 35. Rb2 Qb5 36. Kh1 Bf8 37. Ba3 Qxa5 38. Bxf8 Kxf8 39. Rb1 Kg8 40. Kg1
Rdc7 41. Ra1 Ra4 42. Rb1 Ra2 43. Kh1 b5 44. Kg1 Rc4 45. Rh3 Rc2 46. Qh4 Qc7 47.
Rxb5 Rc1+ 48. Kf2 h5 49. Rg3 Rc2+ 50. Kg1 Qg7 51. Qd8+ Kh7 52. Rxg6 Rc1+ 53.
Kf2 Rc2+ 54. Ke1 Qf7 55. Qg5 Rc1+ 56. Kd2 e3+ 57. Kxc1 Rxc3+ 58. Kb2 Qxg6 59.
Rb7+ Rc7 60. Rxc7+ Kh8 61. Qxg6 h4 62. Rc8# {Hossa checkmated} 1-0

[Event "ICS rated blitz match"]
[Site "204.178.125.65"]
[Date "1999.11.02"]
[Round "?"]
[White "Hossa"]
[Black "motorhome"]
[Result "1-0"]
[WhiteElo "2461"]
[BlackElo "2175"]
[PlyCount "57"]
[EventDate "1999.??.??"]

1. f4 e6 2. Nc3 d5 3. e4 d4 4. Nce2 c5 5. Nf3 Nc6 6. g3 Nf6 7. e5 Nd5 8. Bg2 d3
9. cxd3 Ndb4 10. O-O Nxd3 11. Ne1 Nxe1 12. Rxe1 Bd7 13. d4 Qb6 14. d5 exd5 15.
Bxd5 O-O-O 16. Nc3 h5 17. Bxf7 c4+ 18. Be3 Bc5 19. Nd5 Bxe3+ 20. Rxe3 Qc5 21.
Qd2 h4 22. Kh1 hxg3 23. Rxg3 Bf5 24. Qg2 Nd4 25. b4 Qf8 26. Rxg7 Rh3 27. Be6+
Bxe6 28. Nb6+ Kb8 29. Rxb7# {motorhome checkmated} 1-0

[Event "ICS rated blitz match"]
[Site "204.178.125.65"]
[Date "1999.11.02"]
[Round "?"]
[White "motorhome"]
[Black "Hossa"]
[Result "0-1"]
[WhiteElo "2170"]
[BlackElo "2466"]
[PlyCount "36"]
[EventDate "1999.??.??"]

1. e4 c5 2. d4 cxd4 3. c3 Nf6 4. e5 Nd5 5. cxd4 d6 6. Nf3 Nc6 7. exd6 exd6 8.
Nc3 Nxc3 9. bxc3 d5 10. Bd3 Bd6 11. h3 Qe7+ 12. Be3 Bf4 13. O-O Bxe3 14. Re1
Bxf2+ 15. Kxf2 Be6 16. c4 dxc4 17. d5 Qc5+ 18. Kf1 18... Qxd5 {
motorhome resigns} 0-1

[Event "ICS rated blitz match"]
[Site "204.178.125.65"]
[Date "1999.11.02"]
[Round "?"]
[White "motorhome"]
[Black "Hossa"]
[Result "0-1"]
[WhiteElo "2132"]
[BlackElo "2471"]
[PlyCount "78"]
[EventDate "1999.??.??"]

1. e4 c5 2. Nf3 d6 3. d4 cxd4 4. Nxd4 a6 5. Nc3 Nc6 6. Bc4 Nf6 7. Nxc6 bxc6 8.
e5 d5 9. exf6 dxc4 10. Qxd8+ Kxd8 11. fxe7+ Bxe7 12. Be3 Kc7 13. O-O-O Bg4 14.
f3 Be6 15. Bf4+ Kb6 16. Rhe1 Rhd8 17. Na4+ Ka5 18. b3 cxb3 19. axb3 Ba3+ 20.
Kb1 Rxd1+ 21. Rxd1 Kb5 22. c4+ Bxc4 23. Nc3+ Kb4 24. bxc4 Kxc3 25. Be5+ Kxc4
26. Bxg7 Rg8 27. Rd4+ Kb5 28. Rg4 Bd6 29. h4 Be7 30. h5 f5 31. Rg3 Bh4 32. Rh3
Rxg7 33. Rxh4 Rxg2 34. Rf4 Rg5 35. h6 a5 36. Kc2 c5 37. Kd3 a4 38. Rh4 a3 39.
f4 39... Rg4 {motorhome resigns} 0-1

[Event "ICS rated blitz match"]
[Site "204.178.125.65"]
[Date "1999.11.02"]
[Round "?"]
[White "Hossa"]
[Black "cipolletti"]
[Result "1-0"]
[WhiteElo "2475"]
[BlackElo "2233"]
[PlyCount "38"]
[EventDate "1999.??.??"]

1. f4 d5 2. Nf3 c5 3. e3 Nc6 4. Be2 Nf6 5. d4 Bg4 6. h3 Bxf3 7. Bxf3 e6 8. O-O
Bd6 9. Nc3 O-O 10. f5 cxd4 11. exd4 e5 12. Nxd5 Nxd5 13. Bxd5 Nxd4 14. Bxb7 Qb6
15. Bxa8 Nxc2+ 16. Kh1 Nxa1 17. Bd5 Rd8 18. Bg5 Bc5 19. Bxd8 19... Qxd8 {
cipolletti resigns} 1-0

[Event "ICS rated blitz match"]
[Site "204.178.125.65"]
[Date "1999.11.02"]
[Round "?"]
[White "Hossa"]
[Black "BugChess"]
[Result "0-1"]
[WhiteElo "2481"]
[BlackElo "2328"]
[PlyCount "182"]
[EventDate "1999.??.??"]

1. f4 g6 2. e4 Bg7 3. d4 c6 4. Nf3 d6 5. c4 Nf6 6. Nc3 O-O 7. Be2 c5 8. dxc5
dxc5 9. Be3 Qb6 10. O-O Rd8 11. Qc2 Ng4 12. Bc1 e6 13. Bd2 Nc6 14. Kh1 Bd7 15.
Na4 Nb4 16. Nxb6 Nxc2 17. Nxa8 Nxa1 18. Rxa1 Rxa8 19. Kg1 b6 20. e5 Nh6 21. Rd1
Nf5 22. g4 Nh6 23. Be1 Ba4 24. b3 Bc6 25. h3 a6 26. a4 Kh8 27. Bh4 Ng8 28. Bd8
b5 29. Rd6 Bxf3 30. Bxf3 Rc8 31. Bb7 Rb8 32. Bxa6 bxa4 33. bxa4 Rb3 34. Kg2
Rb2+ 35. Kg3 Rb3+ 36. Kh4 Ra3 37. Rd7 Rxa4 38. Bb5 Ra8 39. Bb6 f6 40. Bxc5 fxe5
41. fxe5 Bxe5 42. g5 Ra2 43. Rd3 h6 44. gxh6 Rg2 45. Rf3 Bc7 46. Rf8 Bg3+ 47.
Kg4 Bd6+ 48. Kf3 Rg3+ 49. Kf2 Bxc5+ 50. Kxg3 Bxf8 51. Kf4 Bd6+ 52. Kg5 Kh7 53.
Be8 Be7+ 54. Kf4 Nf6 55. Bc6 Bd6+ 56. Kg5 Nh5 57. Be4 Be7+ 58. Kg4 e5 59. Bd5
Nf4 60. Bf3 Kxh6 61. h4 Nd3 62. Bg2 Nf2+ 63. Kg3 Nd1 64. Be4 Ne3 65. Bd3 Nf5+
66. Kg4 Nxh4 67. Be4 g5 68. Bd5 Kg6 69. Bc6 Bc5 70. Bd5 Kf6 71. Be4 Bb6 72. Bd5
Nf5 73. Kf3 Ne3 74. Ke4 g4 75. Bg8 g3 76. Kf3 g2 77. Kf2 Kg7 78. c5 Bxc5 79.
Bb3 e4 80. Ba4 Nd5+ 81. Kxg2 e3 82. Bb5 Nc3 83. Bc6 e2 84. Kf3 e1=Q 85. Kf4
Qh4+ 86. Kf5 Kf7 87. Bb7 Qh5+ 88. Kf4 Bd6+ 89. Ke3 Qe2+ 90. Kd4 Be5+ 91. Kc5
91... Qb5# {Hossa checkmated} 0-1

[Event "ICS rated blitz match"]
[Site "204.178.125.65"]
[Date "1999.11.02"]
[Round "?"]
[White "MissSilicon"]
[Black "Hossa"]
[Result "0-1"]
[WhiteElo "2734"]
[BlackElo "2458"]
[PlyCount "150"]
[EventDate "1999.??.??"]

1. Nf3 Nf6 2. c4 g6 3. d4 Bg7 4. Nc3 d5 5. Bg5 Ne4 6. Bf4 Nxc3 7. bxc3 dxc4 8.
e4 b5 9. a4 c6 10. Qb1 a6 11. Bxc4 bxc4 12. Bxb8 c5 13. Be5 f6 14. Bf4 cxd4 15.
cxd4 Bg4 16. Qb7 O-O 17. O-O f5 18. Ne5 Qxd4 19. Nxg4 fxg4 20. Rad1 Qf6 21. Bg3
Rac8 22. Rd7 Rfe8 23. Qd5+ Kh8 24. e5 Qc6 25. Qxc6 Rxc6 26. Rc1 c3 27. Rc2 Rb8
28. Kf1 Rb1+ 29. Ke2 Bf8 30. Rd4 h5 31. Kd3 Rd1+ 32. Ke4 Rg1 33. Kd5 Rc8 34.
Rd3 Rxg2 35. Rcxc3 Rxc3 36. Rxc3 g5 37. e6 Bg7 38. Rc2 h4 39. Bd6 Bf6 40. Bb8
Rg1 41. Rc4 Kg7 42. Ke4 Kg6 43. Ba7 Rg2 44. Kd5 Kf5 45. Rc6 Rxh2 46. Rc1 Rh3
47. Be3 Rf3 48. Re1 a5 49. Bb6 Rf4 50. Bxa5 Rd4+ 51. Kc6 Rxa4 52. Bc7 Rd4 53.
Re2 Rd1 54. Bh2 h3 55. Bg3 Bc3 56. Re3 Bd4 57. Re2 Bf6 58. Bc7 Bc3 59. Re3 Bd2
60. Re5+ Kf6 61. Re2 Bf4 62. Bxf4 gxf4 63. f3 g3 64. Re4 Kg5 65. Re5+ Kg6 66.
Re4 g2 67. Rxf4 g1=Q 68. Rg4+ Qxg4 69. fxg4 h2 70. Kb6 h1=Q 71. Kc7 Qd5 72. Kb8
Rb1+ 73. Kc8 Rc1+ 74. Kb8 Qb3+ 75. Ka7 75... Ra1# {MissSilicon checkmated} 0-1

[Event "ICS rated blitz match"]
[Site "204.178.125.65"]
[Date "1999.11.02"]
[Round "?"]
[White "Hossa"]
[Black "brutus"]
[Result "1-0"]
[WhiteElo "2485"]
[BlackElo "2169"]
[PlyCount "33"]
[EventDate "1999.??.??"]

1. d4 Nf6 2. c4 g6 3. Nc3 d5 4. Bf4 Bg7 5. e3 O-O 6. cxd5 Nxd5 7. Nxd5 Qxd5 8.
Bxc7 Nc6 9. b3 Bf5 10. Nf3 Rac8 11. Bc4 Qe4 12. Bf4 Na5 13. Be2 h6 14. O-O g5
15. Be5 Bxe5 16. Nxe5 f6 17. Bd3 {brutus resigns} 1-0

[Event "ICS rated blitz match"]
[Site "204.178.125.65"]
[Date "1999.11.02"]
[Round "?"]
[White "janderson"]
[Black "Hossa"]
[Result "1-0"]
[WhiteElo "2244"]
[BlackElo "2501"]
[PlyCount "67"]
[EventDate "1999.??.??"]

1. d4 Nf6 2. c4 e6 3. Nf3 b6 4. g3 Bb7 5. Bg2 Be7 6. O-O O-O 7. Nc3 d5 8. cxd5
Nxd5 9. Nxd5 exd5 10. Bf4 c5 11. Qc2 Nc6 12. dxc5 bxc5 13. Rfd1 Nb4 14. Qd2 Re8
15. a3 Na6 16. Ne5 g5 17. Be3 Rb8 18. Rac1 d4 19. Bxb7 Rxb7 20. Qd3 Qb6 21. Bd2
Qe6 22. Nc4 Reb8 23. Re1 Qh3 24. e3 Bf6 25. exd4 Bxd4 26. Bxg5 Rb3 27. Qe4 Bxb2
28. Nxb2 Rxb2 29. Bf6 Qd7 30. Qe3 Qe6 31. Qg5+ Kf8 32. Rxe6 fxe6 33. Qg7+ Ke8
34. Qe7# {Hossa checkmated} 1-0

[Event "ICS rated blitz match"]
[Site "204.178.125.65"]
[Date "1999.11.02"]
[Round "?"]
[White "Hossa"]
[Black "PostModernist"]
[Result "0-1"]
[WhiteElo "2475"]
[BlackElo "2548"]
[PlyCount "91"]
[EventDate "1999.??.??"]

1. d4 Nf6 2. c4 e6 3. Nf3 b6 4. g3 Ba6 5. Nbd2 Bb4 6. Qb3 c5 7. Bg2 Nc6 8. dxc5
Bxc5 9. e4 O-O 10. e5 Ng4 11. O-O Qc7 12. Qc2 Bb7 13. Ng5 g6 14. Nde4 Ncxe5 15.
h3 f6 16. Nxh7 Bxe4 17. Bxe4 Nxf2 18. Bxa8 Kxh7 19. Rxf2 Rxa8 20. Kh2 Bxf2 21.
Qxf2 Qxc4 22. g4 Nd3 23. Qh4+ Kg8 24. Qh6 Qc2+ 25. Bd2 Ne5 26. Rf1 Qxb2 27. Kg1
Qxa2 28. Rxf6 Qd5 29. Rxg6+ Nxg6 30. Qxg6+ Kf8 31. Qf6+ Ke8 32. Bg5 Qc5+ 33.
Kg2 Qf8 34. Qe5 Rc8 35. Be3 Qg8 36. g5 Qh7 37. Kg3 Rc4 38. Qb8+ Ke7 39. Qe5
Qh4+ 40. Kf3 Qxh3+ 41. Ke2 Qg2+ 42. Kd1 Qf1+ 43. Kd2 Qc1+ 44. Ke2 Rc2+ 45. Kf3
Qh1+ 46. Kg4 {Hossa resigns} 0-1

[Event "ICS rated blitz match"]
[Site "204.178.125.65"]
[Date "1999.11.02"]
[Round "?"]
[White "PostModernist"]
[Black "Hossa"]
[Result "1/2-1/2"]
[WhiteElo "2561"]
[BlackElo "2462"]
[PlyCount "187"]
[EventDate "1999.??.??"]

1. e4 c5 2. Nf3 d6 3. d4 cxd4 4. Nxd4 a6 5. c4 Nc6 6. Nc3 Nxd4 7. Qxd4 Nf6 8.
Bg5 e5 9. Qd2 Be6 10. Be2 Be7 11. O-O Rc8 12. b3 O-O 13. Rfd1 Ne8 14. Bxe7 Qxe7
15. a4 Qh4 16. Bf3 Rc5 17. Re1 b6 18. Rad1 Qe7 19. Qd3 Qh4 20. Qe3 Rc6 21. Nd5
a5 22. Nxb6 Nf6 23. Nd5 Bxd5 24. exd5 Rc5 25. Be4 Rb8 26. Rd3 Rb4 27. Rc3 Kh8
28. Qf3 Kg8 29. Rce3 Qg5 30. Qf5 Qg6 31. Qxg6 fxg6 32. f3 Rc8 33. Bc2 Rcb8 34.
g3 g5 35. Kg2 Nd7 36. Rc3 Nc5 37. Ree3 h5 38. h3 Kf7 39. Kf2 g6 40. Kg1 Rf8 41.
Kh2 Kf6 42. Kg2 Kf7 43. g4 h4 44. Kf2 Kg7 45. Ke1 Rf4 46. Re2 Kf6 47. Kf1 Kf7
48. Kg2 Kg7 49. Re1 Kf6 50. Rce3 Kf7 51. Kf2 Kg7 52. Kf1 Nd7 53. Ke2 Rf8 54.
Kd2 Nc5 55. Ra1 Rf4 56. Rae1 Rf6 57. Kc3 Rf7 58. Ra1 Rf4 59. Rf1 Kf6 60. Kd2
Kf7 61. Rb1 Nd7 62. Ke2 Nf6 63. Re1 Nd7 64. Kf2 Nc5 65. Kf1 Kg7 66. Ke2 Kf6 67.
Kd2 Nd7 68. Rc3 Nc5 69. Ree3 Kg7 70. Be4 Kf7 71. Kc2 Kf6 72. Kc1 Nb7 73. Kd2
Kf7 74. Rc1 Nc5 75. Bc2 Kg8 76. Rce1 Kh7 77. Kc1 Kh6 78. R1e2 Kg7 79. Kd1 Kf6
80. Re1 Kf7 81. Kd2 Kg8 82. Kc3 Kh7 83. Rf1 Kh6 84. Kd2 Kh7 85. Ke2 Kg7 86. Rc1
Kh6 87. Rd1 Kg7 88. Kd2 Nd7 89. Kc1 Kh7 90. Rdd3 Nc5 91. Rc3 Kg7 92. Re2 Kf7
93. Rce3 Kf6 94. Bf5 {Game drawn by the 50 move rule} 1/2-1/2

[Event "ICS rated blitz match"]
[Site "204.178.125.65"]
[Date "1999.11.02"]
[Round "?"]
[White "Hossa"]
[Black "MissSilicon"]
[Result "0-1"]
[WhiteElo "2477"]
[BlackElo "2691"]
[PlyCount "91"]
[EventDate "1999.??.??"]

1. d4 Nf6 2. c4 e6 3. Nc3 Bb4 4. Qc2 c5 5. Nf3 cxd4 6. Nxd4 Nc6 7. Nxc6 dxc6 8.
Bf4 O-O 9. a3 Qd4 10. axb4 Qxf4 11. e3 Qg4 12. f3 Qh4+ 13. g3 Qh6 14. e4 e5 15.
Ra5 Qe3+ 16. Qe2 Qc1+ 17. Nd1 Rd8 18. Rxe5 Be6 19. Rxe6 fxe6 20. Bh3 e5 21.
Be6+ Kf8 22. O-O Rd2 23. Qe3 Ke7 24. Bh3 Rad8 25. b3 Qa3 26. Nc3 Qxb4 27. Na4
b6 28. Qg5 Kf8 29. f4 Qd6 30. fxe5 Qd4+ 31. Kh1 Qxe4+ 32. Kg1 Qe2 33. Rxf6+ Kg8
34. Qxd2 Qxd2 35. Be6+ Kh8 36. Rf2 Qe1+ 37. Kg2 Rd2 38. Rxd2 Qxd2+ 39. Kf3 Qd3+
40. Kf4 Qxb3 41. Nc5 bxc5 42. h4 Qd3 43. h5 Qf1+ 44. Ke3 Qg1+ 45. Kf4 Qf2+ 46.
Kg4 {Hossa resigns} 0-1

[Event "ICS rated blitz match"]
[Site "204.178.125.65"]
[Date "1999.11.02"]
[Round "?"]
[White "PostModernist"]
[Black "Hossa"]
[Result "1-0"]
[WhiteElo "2556"]
[BlackElo "2458"]
[PlyCount "57"]
[EventDate "1999.??.??"]

1. e4 d5 2. exd5 Qxd5 3. Nc3 Qa5 4. d4 Nf6 5. Nf3 Bf5 6. Bc4 e6 7. Bd2 c6 8.
Qe2 Bxc2 9. d5 cxd5 10. Bb5+ Nc6 11. Nxd5 Qd8 12. Nxf6+ Qxf6 13. Qc4 Rc8 14.
Qxc2 Bd6 15. Bg5 Qg6 16. Qd2 Qe4+ 17. Kf1 Bb8 18. Re1 Qf5 19. Qb4 f6 20. Bd2 e5
21. Rd1 Qe6 22. Bc4 Qd7 23. Qb5 e4 24. Re1 f5 25. Qb3 Nd8 26. Bg5 Bd6 27. Nh4
Rc5 28. Rd1 b6 29. Bg8 {Hossa resigns} 1-0

[Event "ICS Rated blitz match"]
[Site "204.178.125.65"]
[Date "1999.11.02"]
[Round "?"]
[White "Hossa"]
[Black "Skeletor"]
[Result "1/2-1/2"]
[WhiteElo "2446"]
[BlackElo "2599"]
[PlyCount "119"]
[EventDate "1999.??.??"]

1. d4 Nf6 2. c4 g6 3. Nc3 Bg7 4. e4 d6 5. Nf3 O-O 6. Be2 e5 7. O-O Nc6 8. d5
Ne7 9. Ne1 Nd7 10. Be3 f5 11. f3 f4 12. Bf2 g5 13. Nd3 Nf6 14. h4 gxh4 15. Bxh4
Ng6 16. Bg5 h6 17. Bxf6 Qxf6 18. Nb5 Qe7 19. Qa4 a6 20. Qa5 b6 21. Qa3 Nh4 22.
Ne1 Bf6 23. Bd3 Qg7 24. Rf2 Ng6 25. Nc2 Nh4 26. Bf1 Nxf3+ 27. Rxf3 Bg4 28. Nxd6
Be7 29. c5 Bxf3 30. Qxf3 cxd6 31. c6 Bd8 32. Be2 Bc7 33. Qh3 Qg6 34. Bf3 Rf6
35. Qd7 Qg7 36. Qh3 Rg6 37. Rf1 Kh8 38. Rf2 Rg8 39. Nb4 Rg3 40. Qh2 b5 41. Kf1
Bb6 42. Rc2 a5 43. Nd3 Be3 44. c7 Rc8 45. Rc6 Rxc7 46. Rxd6 Kh7 47. Re6 Rc2 48.
Qh5 Rg5 49. Qh3 Rd2 50. Rd6 Qf8 51. Rd7+ Rg7 52. Rxg7+ Qxg7 53. Qf5+ Kh8 54.
Nxe5 Rxb2 55. Ng6+ Kh7 56. Nxf4+ Kg8 57. Qc8+ Kh7 58. Qf5+ Kg8 59. Qc8+ Kh7 60.
Qf5+ {Game drawn by repetition} 1/2-1/2

[Event "ICS Rated blitz match"]
[Site "204.178.125.65"]
[Date "1999.11.02"]
[Round "?"]
[White "Hossa"]
[Black "NonWimp"]
[Result "0-1"]
[WhiteElo "2453"]
[BlackElo "2710"]
[PlyCount "95"]
[EventDate "1999.??.??"]

1. e4 d5 2. exd5 Qxd5 3. Nc3 Qa5 4. d4 Nf6 5. Nf3 Nc6 6. Bd2 a6 7. Bc4 Nxd4 8.
Nxd4 Qc5 9. Bxf7+ Kxf7 10. Nf3 Bg4 11. Qe2 Kg8 12. h3 Bd7 13. O-O-O e6 14. Rhe1
Bd6 15. Be3 Qf5 16. Nd4 Qe5 17. Qf3 Nd5 18. Bh6 Qf6 19. Qxf6 Nxf6 20. Bg5 Kf7
21. Re3 h6 22. Bxf6 gxf6 23. Rf3 Rhd8 24. Ne4 Be5 25. Rfd3 Bf4+ 26. Kb1 Bc8 27.
Nf3 Rxd3 28. Rxd3 f5 29. Ned2 b5 30. Nd4 Bb7 31. g3 Bd6 32. Re3 f4 33. Rxe6 Bc5
34. N4b3 Bxf2 35. Rxh6 fxg3 36. Rh7+ Kf6 37. Rh6+ Kg5 38. Rh7 g2 39. Rg7+ Kf6
40. Rg4 Rh8 41. Na5 Bg3 42. b3 g1=Q+ 43. Kb2 Be5+ 44. c3 Bxc3+ 45. Kc2 Qa1 46.
Nxb7 Qb2+ 47. Kd3 Qxd2+ 48. Ke4 {Hossa resigns} 0-1

[Event "ICS Rated blitz match"]
[Site "204.178.125.65"]
[Date "1999.11.02"]
[Round "?"]
[White "Hossa"]
[Black "NonWimp"]
[Result "0-1"]
[WhiteElo "2441"]
[BlackElo "2722"]
[PlyCount "100"]
[EventDate "1999.??.??"]

1. f4 d5 2. Nf3 Nf6 3. e3 Bg4 4. c4 Nc6 5. cxd5 Nxd5 6. Bb5 Qd6 7. O-O O-O-O 8.
d4 Kb8 9. Nc3 Nxc3 10. bxc3 Bd7 11. Ne5 Nxe5 12. fxe5 Qd5 13. Bxd7 Rxd7 14. Qh5
g6 15. Qg4 e6 16. e4 Qc4 17. Qf3 Be7 18. Rd1 Rhd8 19. Bh6 c5 20. Rac1 Qxa2 21.
Be3 Qc4 22. Qxf7 Bg5 23. Qf3 Bxe3+ 24. Qxe3 cxd4 25. cxd4 Rxd4 26. Re1 Qb5 27.
Qg5 Rd2 28. Kh1 Qd7 29. Rf1 a5 30. Ra1 a4 31. Qg4 Rc8 32. Rf6 a3 33. Rg1 a2 34.
Rff1 Rcc2 35. Rf8+ Ka7 36. Rff1 Qd3 37. Ra1 Qd4 38. Raf1 Qxe5 39. Qf3 Rc3 40.
Qg4 Re3 41. Qh4 h5 42. Rc1 Rxe4 43. Qe7 Ra4 44. Ra1 Rxg2 45. Kxg2 Qd5+ 46. Kf1
Qf3+ 47. Ke1 Qe3+ 48. Kd1 Rd4+ 49. Kc2 Rd2+ 50. Kc1 50... Qc3# {
Hossa checkmated} 0-1